000
00299nam a2200121Ia 4500
008
230907s9999||||xx |||||||||||||| ||und||
082
_a
621.4021
_b
CEN
100
_a
Çengel, Yunus A.
245
0
_a
Thermodynamics :
260
_a
Mcgraw Hill,
_b
Chennai :
_c
2016
300
_a
954p.
942
_c
BK
_2
ddc
999
_c
598188
_d
598188